000 00861nam a22002417a 4500
999 _c2982
_d2982
003 AR-CdUCM
008 190305b ||||| |||| 00| 0 spa d
020 _a9506942102
040 _aMUNICIPALIDAD PROVINCIAL DEL CUSCO
_cBIBLIOTECA MUNICIPAL DEL CUSCO
041 _heng
082 _a336 /
_bK37
100 _aKelman, Steven
_910179
245 _aLa política pública en el estado moderno /
260 _aArgentina :
_bLatinoamericano,
_c1992.
300 _a286 páginas ;
_c20 cm.
440 _aEstudios políticos y sociales
_910180
505 _aComo funciona el proceso trazado de políticas -- Hasta que punto funciona bien el proceso trazado de políticas.
650 _aPolíticas publicas.
_96684
650 _aEstrategias políticas.
_910181
700 _aPiña, Cristina (traductor)
_910182
942 _2ddc
_cLIBROS
945 _awfj
_d2019-03-05